The invisible life of Addie LaRue / (Record no. 9603)

MARC details
000 -LEADER
fixed length control field 00826nam a22002417a 4500
001 - CONTROL NUMBER
control field 9603
003 - CONTROL NUMBER IDENTIFIER
control field FISKH
005 - DATE AND TIME OF LATEST TRANSACTION
control field 20260126093516.0
008 - FIXED-LENGTH DATA ELEMENTS--GENERAL INFORMATION
fixed length control field 260126b cb ||||| |||| 00| 0 eng d
020 ## - INTERNATIONAL STANDARD BOOK NUMBER
International Standard Book Number 9781789098754
040 ## - CATALOGING SOURCE
Original cataloging agency FISKH
Language of cataloging eng
Transcribing agency FISKH
Modifying agency FISKH
050 ## - LIBRARY OF CONGRESS CALL NUMBER
Classification number PS3619 .C4848
082 ## - DEWEY DECIMAL CLASSIFICATION NUMBER
Classification number 813.6
100 ## - MAIN ENTRY--PERSONAL NAME
Personal name Schwab, Victoria
Relator term Author
245 ## - TITLE STATEMENT
Title The invisible life of Addie LaRue /
Statement of responsibility, etc. V.E. Schwab
260 ## - PUBLICATION, DISTRIBUTION, ETC.
Place of publication, distribution, etc. London :
Name of publisher, distributor, etc. Titan Books ,
Date of publication, distribution, etc. 2020
300 ## - PHYSICAL DESCRIPTION
Extent 545 pages :
Dimensions 20 cm
520 ## - SUMMARY, ETC.
Summary, etc. Making a Faustian bargain to live forever but never be remembered, a woman from early eighteenth-century France endures unacknowledged centuries before meeting a man who remembers her name.<br/>
650 ## - SUBJECT ADDED ENTRY--TOPICAL TERM
Topical term or geographic name entry element Historical fiction
Form subdivision Immortality
650 ## - SUBJECT ADDED ENTRY--TOPICAL TERM
Topical term or geographic name entry element Magical realism
Form subdivision Memory
942 ## - ADDED ENTRY ELEMENTS (KOHA)
Source of classification or shelving scheme Dewey Decimal Classification
Koha item type Books
Suppress in OPAC No
Holdings
Withdrawn status Lost status Source of classification or shelving scheme Damaged status Not for loan Collection Home library Current library Shelving location Date acquired Total Checkouts Full call number Barcode Date last seen Copy number Price effective from Koha item type
    Dewey Decimal Classification     Fiction Footprints International School Library Network Toul Tom Poung Campus Footprints International School Library Network Toul Tom Poung Campus TTP Secondary Fiction Bookshelves 01/26/2026   SCH 813.6 PS3619 .C4848 2026-0119 01/26/2026 1 01/26/2026 Books